000 00472nam a22001577a 4500
999 _c2051
_d2051
008 200212b ||||| |||| 00| 0 eng d
020 _a8181282272
100 _91648
_aFerziger, J.H.
245 1 0 _aComputational methods for fluid dynamics
_c/ by J.H. Ferziger and M. Perci
250 _a3rd ed.
260 _aNew-Delhi
_bSpringer
_c2004
300 _axiv,423p.
650 0 _aComputational Fluid Dynamics
_xMechanical Engineering
700 _91650
_aPerci, M.
942 _cBK